000 00660nam a2200229 a 4500
001 8356
003 BD-RjUL
005 20211208234556.0
008 161004s1951 nyua 000 0 eng d
035 _a(BD-RjUL)8401
040 _aBD-RjUL
_beng
_cBD-RjUL
041 1 _aeng
_heng
082 _223
_a530
_bBOR 1951
100 1 _aBorn, Max,
_926027
245 1 4 _aThe restless universe /
_cMax Born ; figures by Otto Koenigsberger ; authorized translation by Winifred M. Deans
250 _a2nd ed. rev.
260 _aNew York :
_bDover,
_cc1951
300 _a315 p :
_billus ;
_c23 cm
650 0 _aPhysics
_925294
942 _2ddc
_cBK
999 _c8356
_d8356